| Tag |
First Indicator |
Second Indicator |
Subfields |
| LEADER |
00000cam a2200000 a 4500 |
| 001 |
in00000001222 |
| 005 |
20151007050350.0 |
| 008 |
980319s1998 vauab b f000 0 eng d |
| 035 |
|
|
|a (OCoLC)38749347
|
| 035 |
|
|
|9 AHY0476AM
|
| 040 |
|
|
|d GPO
|d DLC
|d MvI
|d UtOrBLW
|
| 043 |
|
|
|a n-us-co
|a n-mx---
|
| 049 |
|
|
|a UDOC
|
| 074 |
|
|
|a 0621-L
|
| 086 |
0 |
|
|a I 19.127:159-97
|
| 090 |
|
|
|a QE75
|b .F3 no.97-159
|
| 100 |
1 |
|
|a Butler, David L.
|q (David Louis),
|d 1946-
|
| 245 |
1 |
0 |
|a Estimated decreases in dissolved-solids loads in Four Tributaries to the Colorado River in the Grand Valley, Colorado, 1973-96.
|
| 246 |
1 |
|
|i At head of title:
|a USGS, science for a changing world
|
| 246 |
2 |
|
|a Estimated decreases in dissolved solids loads in Four Tributaries to the Colorado River in the Grand Valley, Colorado, 1973-96
|
| 264 |
|
1 |
|a [Reston, Va.] :
|b U.S. Dept. of the Interior, U.S. Geological Survey,
|c [1998]
|
| 300 |
|
|
|a 1 folded sheet (6 pages) :
|b color illustrations, color maps ;
|c 28 cm.
|
| 336 |
|
|
|a text
|b txt
|2 rdacontent
|
| 337 |
|
|
|a unmediated
|b n
|2 rdamedia
|
| 338 |
|
|
|a sheet
|b nb
|2 rdacarrier
|
| 490 |
1 |
|
|a Fact sheet ;
|v FS 159-97
|
| 500 |
|
|
|a Caption title.
|
| 500 |
|
|
|a "David L. Butler"--P. [6].
|
| 500 |
|
|
|a Shipping list number: 98-0170-P.
|
| 500 |
|
|
|a "January 1998"--P. [6].
|
| 504 |
|
|
|a Includes bibliographical references (page [6]).
|
| 650 |
|
0 |
|a Stream measurements
|z Colorado River (Colo.-Mexico)
|
| 650 |
|
0 |
|a Water quality
|z Colorado River (Colo.-Mexico)
|
| 650 |
|
0 |
|a Water
|x Pollution
|z Colorado River (Colo.-Mexico)
|
| 710 |
2 |
|
|a Geological Survey (U.S.)
|
| 830 |
|
0 |
|a Fact sheet (Geological Survey (U.S.)) ;
|v FS-97-159.
|
| 999 |
|
|
|a MARS
|
| 999 |
f |
f |
|s 7cb4c1c7-9614-3b5d-8275-ab35ae61bb90
|i 22f69633-e372-33d3-9c40-46e24ed08afa
|t 0
|
| 952 |
f |
f |
|p normal
|a Texas A&M University
|b College Station
|c Sterling C. Evans Library
|d Evans: US Documents (Annex 5th floor)
|t 0
|e I 19.127:159-97
|h Superintendent of Documents classification
|i unmediated -- sheet
|m A14823043139
|
| 998 |
f |
f |
|a I 19.127:159-97
|t 0
|l Evans: US Documents (Annex 5th floor)
|